000
00264nam a22001217a 4500
008
181205b xxu||||| |||| 00| 0 eng d
041
_a
eng
080
_a
330
100
_a
53
101
_a
ECO
245
_a
Economic Development
_c
Charles.k
942
_2
udc
_c
BK
999
_c
52870
_d
52870